[Event "28th Czech Open A 2017"]
[Site "Pardubice CZE"]
[Date "2017.07.24"]
[Round "4.95"]
[White "Badelka, Olga"]
[Black "Vokoun, Jan"]
[Result "1-0"]
[BlackTitle "FM"]
[WhiteElo "2309"]
[BlackElo "2104"]
[WhiteFideId "13509926"]
[BlackFideId "301647"]
[EventDate "2017.07.21"]

1. d4 Nc6 2. c4 e5 3. d5 Nce7 4. e4 f5 5. Nc3 Nf6 6. Bd3 f4 7. g3 Ng6 8. gxf4
exf4 9. Qe2 Bd6 10. c5 Be5 11. Nf3 Bxc3+ 12. bxc3 O-O 13. h4 Ng4 14. Ba3 d6 15.
O-O-O Qf6 16. Nd4 a6 17. Bc2 f3 18. Qf1 Nf4 19. Kb2 Ne5 20. Ka1 Rf7 21. Bb3 a5
22. cxd6 cxd6 23. Qb5 a4 24. Bc2 Ng4 25. Rhf1 Ne2 26. Nxe2 fxe2 27. Qxe2 Nh2 28.
e5 Qxe5 29. Qxe5 dxe5 30. Rfe1 Rxf2 31. Bd3 Nf3 32. Rf1 Rxf1 33. Rxf1 Bg4 34. d6
Nd2 35. Re1 Rc8 36. Bb4 Nf3 37. Re3 h5 38. Be4 Nxh4 39. Bxb7 Rd8 40. Rxe5 Nf5
41. Rd5 h4 42. Rd2 Ne3 43. Bc5 Nf5 44. Bc6 Kf7 45. d7 Ne7 46. Bxa4 g5 47. Bb6
Bxd7 48. Bxd7 Rxd7 49. Rxd7 Ke6 50. Rd2 Nc6 51. a4 g4 52. Bc7 Kf5 53. Rd5+ Ke4
54. Rh5 h3 55. a5 Kf3 56. a6 Kg2 57. Rg5 h2 58. Bxh2 1-0

[Event "28th Czech Open A 2017"]
[Site "Pardubice CZE"]
[Date "2017.07.24"]
[Round "4.96"]
[White "Holtman, Teodor"]
[Black "Blodig, Constantin"]
[Result "0-1"]
[WhiteTitle "FM"]
[WhiteElo "2306"]
[BlackElo "2099"]
[WhiteFideId "14933721"]
[BlackFideId "24696790"]
[EventDate "2017.07.21"]

1. e4 c5 2. Nf3 d6 3. d4 cxd4 4. Nxd4 Nf6 5. Nc3 Nc6 6. Be3 Ng4 7. Bc4 Nxe3 8.
fxe3 Ne5 9. Bb5+ Bd7 10. O-O g6 11. Nf3 Bg7 12. Qd5 O-O 13. Nxe5 Bxe5 14. Qxb7
Bxb5 15. Nxb5 Rb8 16. Qd5 Qa5 17. c4 a6 18. Nc3 Bxc3 19. bxc3 Qxc3 20. Qd4 Qxd4
21. exd4 Rfc8 22. Rac1 Rb4 23. c5 Rxd4 24. c6 Rxe4 25. Rf3 Rb4 26. Rfc3 Kf8 27.
a3 Rb6 28. Kf2 e6 29. c7 Ke7 30. Rc6 Rb2+ 31. Kf1 a5 32. Ra6 Rb5 33. a4 Rd5 34.
Ke2 Kd7 35. Ra7 h5 36. Ke3 g5 37. h4 g4 38. Rc2 e5 39. Rf2 Ke6 40. Rb2 Rc5 0-1

[Event "28th Czech Open A 2017"]
[Site "Pardubice CZE"]
[Date "2017.07.24"]
[Round "4.97"]
[White "Mertanen, Janne"]
[Black "Schnabel, Bennett"]
[Result "1-0"]
[WhiteTitle "FM"]
[WhiteElo "2302"]
[BlackElo "2098"]
[WhiteFideId "501875"]
[BlackFideId "12943290"]
[EventDate "2017.07.21"]

1. Nf3 f5 2. d3 g6 3. e4 d6 4. exf5 Bxf5 5. d4 Bg7 6. Bd3 Qd7 7. Bxf5 Qxf5 8.
O-O Nc6 9. c3 e5 10. dxe5 Nxe5 11. Nd4 Qd7 12. f4 O-O-O 13. fxe5 dxe5 14. Bg5
Ne7 15. Bxe7 Qxe7 16. Qg4+ Kb8 17. Ne6 Rd6 18. Nxg7 Qxg7 19. Na3 h5 20. Qe4 1-0

[Event "28th Czech Open A 2017"]
[Site "Pardubice CZE"]
[Date "2017.07.24"]
[Round "4.98"]
[White "Furman, Boris"]
[Black "Zhurov, Sergey"]
[Result "0-1"]
[WhiteTitle "FM"]
[WhiteElo "2177"]
[BlackElo "2297"]
[WhiteFideId "4107187"]
[BlackFideId "4105788"]
[EventDate "2017.07.21"]

1. d4 Nf6 2. c4 g6 3. Nc3 Bg7 4. Nf3 O-O 5. Bg5 c5 6. d5 h6 7. Bh4 d6 8. e3 g5
9. Bg3 Nh5 10. Nd2 Nxg3 11. hxg3 f5 12. Be2 Na6 13. Qc2 e6 14. O-O Nc7 15. dxe6
Bxe6 16. Rad1 Rb8 17. Nb3 Qe7 18. Rd2 b6 19. Rfd1 Rbd8 20. a4 f4 21. exf4 gxf4
22. Qe4 Be5 23. g4 Qg7 24. f3 h5 25. Qc6 hxg4 26. fxg4 Rf7 27. Qf3 Qh6 28. Qh3
Qg6 29. Qh5 Rg7 30. Qxg6 Rxg6 31. Ne4 Bxg4 32. Bxg4 Rxg4 33. Rxd6 Rxd6 34. Rxd6
f3 35. Rd8+ Kf7 36. Kf2 Rxg2+ 37. Kf1 Bh2 38. Ke1 Bg3+ 0-1

[Event "28th Czech Open A 2017"]
[Site "Pardubice CZE"]
[Date "2017.07.24"]
[Round "4.99"]
[White "Kosmo, Santul"]
[Black "Tuomainen, Felix"]
[Result "1-0"]
[BlackTitle "FM"]
[WhiteElo "2168"]
[BlackElo "2294"]
[WhiteFideId "504173"]
[BlackFideId "1720813"]
[EventDate "2017.07.21"]

1. e4 c6 2. d4 d5 3. Nc3 dxe4 4. Nxe4 h6 5. Bc4 Bf5 6. Ng3 Bh7 7. N1e2 e6 8. O-O
Nf6 9. f4 Qd7 10. c3 Be7 11. f5 exf5 12. Bd3 Ne4 13. Qc2 O-O 14. Nxe4 fxe4 15.
Bxe4 Bxe4 16. Qxe4 Re8 17. Qf3 Bf8 18. Ng3 Qe6 19. Bd2 Nd7 20. Rae1 Qg6 21. Nf5
Rxe1 22. Rxe1 Kh7 23. Rf1 Kg8 24. h4 Re8 25. h5 Qf6 26. Qg3 g5 27. hxg6 Qxg6 28.
Nxh6+ Bxh6 29. Qxg6+ fxg6 30. Bxh6 Re2 31. Rf2 Rxf2 32. Kxf2 Kf7 33. Bg5 Nb6 34.
Ke2 Na4 35. Bc1 Ke6 36. Kd3 Nb6 37. c4 Kf5 38. b3 Nd7 39. Be3 a6 40. a4 Nf6 41.
Bh6 Ke6 42. Bg7 Ng4 43. Ke2 Kf7 44. Bh8 Ke6 45. Bg7 Kf7 46. Bh8 Ke6 47. Kf3 Kf5
48. d5 cxd5 49. cxd5 Nh2+ 50. Ke3 Nf1+ 51. Kd3 Ng3 52. Kd4 b6 53. b4 Ne2+ 54.
Kc4 Nf4 55. g4+ Kxg4 56. d6 Kf5 57. d7 Ne6 58. Kd5 g5 59. Bd4 b5 60. axb5 axb5
61. Bb6 g4 62. d8=Q Nxd8 63. Bxd8 g3 64. Bb6 1-0

[Event "28th Czech Open A 2017"]
[Site "Pardubice CZE"]
[Date "2017.07.24"]
[Round "4.100"]
[White "Mitra, Roman C"]
[Black "Friedland, Moshe"]
[Result "0-1"]
[WhiteElo "2100"]
[BlackElo "2289"]
[WhiteFideId "419540"]
[BlackFideId "2812843"]
[EventDate "2017.07.21"]

1. b3 d5 2. Bb2 Nf6 3. e3 Bf5 4. Nf3 e6 5. Be2 h6 6. O-O Bd6 7. d4 O-O 8. Nbd2
a5 9. a3 c6 10. c4 Nbd7 11. h3 Re8 12. Ne5 Qc7 13. Nxd7 Qxd7 14. c5 Bc7 15. f4
Qe7 16. b4 b6 17. cxb6 Bxb6 18. Bc3 Reb8 19. Qe1 axb4 20. axb4 Bc7 21. Nb3 Rxa1
22. Qxa1 Ne4 23. Be1 Bd6 24. Nc5 Qc7 25. Qc1 Ra8 26. Nb3 Rb8 27. Nc5 Ra8 28. Bf3
Nf6 29. Bh4 Nd7 30. Qc3 Nb6 31. Ra1 Rxa1+ 32. Qxa1 Nc4 33. Qa8+ Kh7 34. Bd8 Qb8
35. Qxb8 Bxb8 36. Kf2 Bd6 37. Be2 Bc2 38. Bxc4 dxc4 39. Ke2 c3 40. Bh4 Bxc5 41.
bxc5 Be4 42. g4 f6 43. Be1 c2 44. Bd2 f5 45. Kf2 fxg4 46. hxg4 g6 47. Kg3 Kg7
48. Kh4 Kf7 49. Bc1 Ke7 50. Bd2 Kd7 51. Bc1 Kc7 52. f5 exf5 53. gxf5 Bxf5 54. e4
g5+ 55. Kg3 Bxe4 56. Kf2 Kd7 57. Ke3 Bf5 0-1

[Event "28th Czech Open A 2017"]
[Site "Pardubice CZE"]
[Date "2017.07.24"]
[Round "4.101"]
[White "Rakesh, Kumar Jena"]
[Black "Ivanov, Igor"]
[Result "1-0"]
[WhiteTitle "FM"]
[WhiteElo "2283"]
[BlackElo "2040"]
[WhiteFideId "5084822"]
[BlackFideId "34137430"]
[EventDate "2017.07.21"]

1. e4 e5 2. Bc4 Nf6 3. d3 Nc6 4. Nf3 Bc5 5. O-O d6 6. c3 O-O 7. a4 a5 8. Bg5 h6
9. Bh4 g5 10. Bg3 Bb6 11. Nbd2 Qe8 12. d4 Bg4 13. Re1 Rd8 14. h4 Nh5 15. Bh2
gxh4 16. Be2 Qe7 17. d5 Nb8 18. Nxe5 Bxe2 19. Qxe2 Ng3 20. Qg4+ Qg5 21. Ndf3
Qxg4 22. Nxg4 h5 23. Nf6+ Kg7 24. Bxg3 hxg3 25. Nxh5+ Kh8 26. Nxg3 f6 27. Nf5
Nd7 28. g3 Rde8 29. b4 Rf7 30. Kg2 Rh7 31. Rab1 axb4 32. cxb4 Kg8 33. Rbc1 Ne5
34. Nxe5 Rxe5 35. f4 Re8 36. Rc4 Rh5 37. a5 Rxf5 38. axb6 cxb6 39. Rh1 1-0

[Event "28th Czech Open A 2017"]
[Site "Pardubice CZE"]
[Date "2017.07.24"]
[Round "4.102"]
[White "Bertram, Karsten"]
[Black "Polyik, Peter"]
[Result "1-0"]
[WhiteElo "2021"]
[BlackElo "2279"]
[WhiteFideId "4673042"]
[BlackFideId "758817"]
[EventDate "2017.07.21"]

1. e4 c5 2. Nf3 e6 3. d4 cxd4 4. Nxd4 Nc6 5. Nc3 Qc7 6. Be3 a6 7. Bd3 b5 8. O-O
Bb7 9. Nxc6 Bxc6 10. f4 Nf6 11. e5 Nd5 12. Bd4 Nxc3 13. bxc3 g6 14. f5 gxf5 15.
Bxf5 Bg7 16. Bd3 Bxe5 17. Qh5 Bxd4+ 18. cxd4 O-O-O 19. c4 Qd6 20. d5 bxc4 21.
dxc6 cxd3 22. cxd7+ Rxd7 23. Rac1+ Rc7 24. Qxf7 Rc2 25. Qa7 Qc6 26. Qg7 Qc5+ 27.
Kh1 Rxc1 28. Qxh8+ Kc7 29. Qxh7+ Kb6 30. Qxd3 Rxf1+ 31. Qxf1 e5 32. Qg1 Qd4 33.
Qxd4+ exd4 34. Kg1 1-0

[Event "28th Czech Open A 2017"]
[Site "Pardubice CZE"]
[Date "2017.07.24"]
[Round "4.103"]
[White "Haring, Filip"]
[Black "Jayaram, R."]
[Result "0-1"]
[WhiteTitle "FM"]
[WhiteElo "2278"]
[BlackElo "1955"]
[WhiteFideId "14933080"]
[BlackFideId "5019915"]
[EventDate "2017.07.21"]

1. e4 e5 2. Nf3 Nc6 3. d4 exd4 4. Nxd4 Nf6 5. Nxc6 bxc6 6. e5 Qe7 7. Qe2 Nd5 8.
c4 Nb6 9. Nc3 Bb7 10. Qe4 g6 11. Bd3 Bg7 12. O-O O-O 13. Bf4 Rfe8 14. Rae1 Qb4
15. Qf3 Qxb2 16. Ne4 c5 17. Re2 Qd4 18. Rfe1 Nxc4 19. Nf6+ Bxf6 20. exf6 Rxe2
21. Qxe2 Nd6 22. Be5 Qd5 23. f3 Re8 24. Qe3 Re6 25. h4 Ne8 26. h5 d6 27. hxg6
hxg6 28. Rb1 Rxe5 29. Be4 Rxe4 30. fxe4 Qxe4 31. Qxe4 Bxe4 32. Rb8 Kf8 33. Kf2
Bc6 34. Kg3 d5 35. Kf4 d4 36. g4 c4 37. Rb4 Bd5 38. Ke5 c5 39. Rb5 Be6 40. Rxc5
d3 0-1

[Event "28th Czech Open A 2017"]
[Site "Pardubice CZE"]
[Date "2017.07.24"]
[Round "4.104"]
[White "Pcola, Jaroslav1"]
[Black "Shemeakin, Alexander"]
[Result "0-1"]
[BlackTitle "IM"]
[WhiteElo "2071"]
[BlackElo "2276"]
[WhiteFideId "14907810"]
[BlackFideId "14101840"]
[EventDate "2017.07.21"]

1. c4 c6 2. Nf3 d5 3. d4 Nf6 4. Nc3 a6 5. c5 Bf5 6. Bf4 Nbd7 7. h3 e6 8. e3 Be7
9. Be2 O-O 10. Nd2 b6 11. cxb6 Qxb6 12. Na4 Qa7 13. O-O c5 14. Nxc5 Nxc5 15.
dxc5 Qxc5 16. Nb3 Qb4 17. Qd4 Rfc8 18. Qxb4 Bxb4 19. Rfc1 Re8 20. a3 Bf8 21. Nc5
e5 22. Bg3 d4 23. exd4 exd4 24. Bd3 Bxd3 25. Nxd3 Ne4 26. Bc7 Nd2 27. Rd1 Nb3
28. Rab1 Rac8 29. Bf4 Re4 30. Re1 Rxe1+ 31. Rxe1 f6 32. Re6 g5 33. Rb6 Nc5 34.
Nxc5 Rxc5 35. Bd6 Rc1+ 36. Kh2 d3 37. Bxf8 d2 38. Rd6 d1=Q 39. Rxd1 Rxd1 40. Bb4
h5 41. g4 Kg7 42. Bc3 Rd6 43. a4 Kg6 44. a5 f5 45. gxh5+ Kxh5 46. Kg2 Kh4 47.
Be5 Rd5 48. Bc3 Rd3 49. Bf6 Kh5 50. b4 g4 51. hxg4+ Kxg4 52. Be7 f4 53. Bc5 f3+
54. Kh2 Rd5 55. Bb6 Rh5+ 56. Kg1 Kf4 57. Bc5 Ke4 58. Be3 Kd3 59. Bc5 Ke2 60. Bb6
Rh4 61. Bc5 Ke1 62. Bb6 Rxb4 63. Kh2 Rg4 64. Kh3 Rg2 65. Bc5 Ke2 0-1

[Event "28th Czech Open A 2017"]
[Site "Pardubice CZE"]
[Date "2017.07.24"]
[Round "4.105"]
[White "Chubar, Vladimir"]
[Black "Chovan, Milan"]
[Result "0-1"]
[WhiteTitle "IM"]
[BlackTitle "FM"]
[WhiteElo "2010"]
[BlackElo "2269"]
[WhiteFideId "14101491"]
[BlackFideId "14933691"]
[EventDate "2017.07.21"]

1. Nf3 Nf6 2. d4 g6 3. Bg5 Bg7 4. Nbd2 O-O 5. c3 d6 6. e4 c5 7. dxc5 dxc5 8. Qc2
Nc6 9. h3 Qc7 10. Bc4 h6 11. Be3 b6 12. O-O Bb7 13. e5 Nxe5 14. Nxe5 Qxe5 15.
Qxg6 Nd5 16. Bxd5 Bxd5 17. Qc2 f5 18. Rae1 f4 19. Bxc5 Qg5 20. Ne4 Bxe4 21. Qxe4
Qxc5 22. Qxe7 Qxe7 23. Rxe7 Rfe8 24. Rfe1 Rxe7 25. Rxe7 Bf8 26. Rd7 Bc5 27. Kf1
a5 28. Ke2 f3+ 29. gxf3 Re8+ 30. Kd3 Bxf2 31. a4 Re3+ 32. Kd2 Rxf3 33. h4 Bxh4
34. b4 Rf4 35. Rd6 Bg5 36. Kc2 Rf6 37. Rd5 axb4 38. cxb4 Kg7 39. a5 bxa5 40.
bxa5 Kg6 41. Kd1 Re6 42. a6 Rxa6 43. Ke2 Rf6 44. Rd3 Kh5 45. Rf3 Bf4 46. Kf2 Kg4
47. Kg2 Ra6 48. Rf1 h5 49. Kh1 Be3 50. Rb1 Kg3 51. Re1 Ra3 52. Rf1 Ra4 0-1

[Event "28th Czech Open A 2017"]
[Site "Pardubice CZE"]
[Date "2017.07.24"]
[Round "4.106"]
[White "Lerch, Patrice"]
[Black "Levitskiy, Andrey"]
[Result "1-0"]
[WhiteTitle "IM"]
[WhiteElo "2415"]
[BlackElo "2208"]
[WhiteFideId "605867"]
[BlackFideId "14132885"]
[EventDate "2017.07.21"]

1. e4 c5 2. Nc3 g6 3. g3 Bg7 4. d3 Nc6 5. Be3 d6 6. Qd2 e5 7. h4 h5 8. Bh3 Nge7
9. O-O-O Be6 10. Kb1 Qd7 11. f4 O-O-O 12. Bxe6 fxe6 13. Nf3 Nd4 14. Ng5 Nec6 15.
Rdf1 Rhf8 16. Rf2 Kb8 17. Rhf1 exf4 18. Bxf4 b5 19. Qe1 b4 20. Ne2 Nb5 21. Nc1
Ka8 22. Nb3 a5 23. e5 a4 24. Nd2 d5 25. Be3 Rxf2 26. Qxf2 Ncd4 27. Ndf3 Rf8 28.
Qg1 a3 29. Nxd4 Rxf1+ 30. Qxf1 cxd4 31. Bd2 axb2 32. Qf7 Qxf7 33. Nxf7 Nc3+ 34.
Kxb2 Kb8 35. Kb3 Kc7 36. Kxb4 Nxa2+ 37. Kb3 Nc3 38. Bxc3 dxc3 39. Kxc3 Kd7 40.
Kd4 Ke7 41. Ng5 Bf8 42. c4 dxc4 43. dxc4 Kd7 44. c5 Bg7 45. Nh3 Bh6 46. Nf4 g5
47. hxg5 Bxg5 48. Nxh5 Bc1 49. Nf4 Bd2 50. Ke4 1-0

[Event "28th Czech Open A 2017"]
[Site "Pardubice CZE"]
[Date "2017.07.24"]
[Round "4.107"]
[White "Parkhov, Yair"]
[Black "Kolotilina, Liudmila"]
[Result "1-0"]
[WhiteTitle "FM"]
[BlackTitle "WFM"]
[WhiteElo "2407"]
[BlackElo "2205"]
[WhiteFideId "2813408"]
[BlackFideId "32099568"]
[EventDate "2017.07.21"]

1. d4 f5 2. g3 Nf6 3. Bg2 g6 4. Nh3 Bg7 5. c3 Nc6 6. O-O O-O 7. Bg5 Ne4 8. Qb3+
Kh8 9. Nd2 Nxg5 10. Nxg5 e6 11. f4 h6 12. Ngf3 d5 13. e3 b6 14. Rfd1 a5 15. c4
a4 16. Qa3 Bb7 17. Rac1 Ne7 18. c5 Qd7 19. Nb1 b5 20. Ne1 Nc6 21. Nd3 Na5 22.
Qc3 Nc4 23. Nb4 Bc6 24. b3 Na5 25. Nd2 g5 26. Nf3 g4 27. Ne5 Bxe5 28. dxe5 Qe7
29. Bf1 Rfb8 30. bxa4 bxa4 31. Na6 Nc4 32. Nxb8 Rxb8 33. Bxc4 dxc4 34. Qxc4 Rb2
35. Rc2 Rb5 36. Qxa4 Rb1 37. Qd4 Rxd1+ 38. Qxd1 Ba4 39. e4 fxe4 40. Kf2 Qe8 41.
Ke3 Qa8 42. Qd2 Bxc2 43. Qxc2 Qa3+ 44. Kxe4 Qf3+ 45. Kd4 Qd5+ 46. Ke3 Qf3+ 47.
Kd2 Qf2+ 48. Kd3 Qf3+ 49. Kc4 Qd5+ 50. Kb4 Qb7+ 51. Kc3 Qb5 52. Kd4 Qb4+ 53. Kd3
Qa3+ 54. Qb3 Qa6+ 55. Kc3 Qc6 56. Qc4 Kg7 57. a4 Qf3+ 58. Qd3 Qc6 59. Kb4 Qb7+
60. Qb5 Qe4+ 61. Ka5 Qa8+ 62. Qa6 Qd5 63. Qb5 Qa8+ 64. Qa6 Qd5 65. Kb4 Qe4+ 66.
Qc4 Qb7+ 67. Ka3 Qf3+ 68. Qb3 Qc6 69. Qc3 Qf3 70. Kb3 Qb7+ 71. Ka2 Qg2+ 72. Kb1
Qh1+ 73. Kc2 Qe4+ 74. Kb3 Qb7+ 75. Ka2 Qg2+ 76. Qb2 Qd5+ 77. Qb3 Qg2+ 78. Ka3
Qc6 79. Qc2 Qf3+ 80. Kb4 Qb7+ 81. Kc3 Qc6 82. Kd4 Qd5+ 83. Ke3 Qf3+ 84. Kd2 Qg2+
85. Kc1 Qh1+ 86. Qd1 Qc6 87. Qxg4+ Kf7 88. Qh5+ Kg7 89. Qd1 Qxc5+ 90. Qc2 Qe3+
91. Kb2 Qd4+ 92. Qc3 Qb6+ 93. Ka3 c5 94. g4 Kg6 95. Qd3+ Kg7 96. Qb5 Qc7 97. a5
c4 98. a6 Qe7+ 99. Ka2 1-0

[Event "28th Czech Open A 2017"]
[Site "Pardubice CZE"]
[Date "2017.07.24"]
[Round "4.108"]
[White "Cuhendi, Sean Winshand"]
[Black "Semjonovs, Ilja"]
[Result "1-0"]
[WhiteTitle "IM"]
[WhiteElo "2398"]
[BlackElo "2198"]
[WhiteFideId "7101554"]
[BlackFideId "11604263"]
[EventDate "2017.07.21"]

1. e4 c5 2. Nf3 d6 3. d4 cxd4 4. Nxd4 Nf6 5. Nc3 a6 6. Nb3 e5 7. Bg5 Be7 8. Bxf6
Bxf6 9. Nd5 Nc6 10. Be2 Be6 11. O-O Bg5 12. Bg4 O-O 13. Bxe6 fxe6 14. Nc3 Qe7
15. Ne2 Rad8 16. c3 Qf7 17. Qd3 Qg6 18. Rad1 Qh5 19. Ng3 Qh4 20. Nd2 Bxd2 21.
Rxd2 d5 22. Qc2 d4 23. Qb3 Qe7 24. Rfd1 Qf7 25. c4 Rc8 26. c5 Na5 27. Qa4 Qc7
28. b4 Nc6 29. Qb3 Qf7 1-0

[Event "28th Czech Open A 2017"]
[Site "Pardubice CZE"]
[Date "2017.07.24"]
[Round "4.109"]
[White "Domogaev, Sergey"]
[Black "Paprocki, Jaroslaw"]
[Result "1-0"]
[WhiteTitle "GM"]
[WhiteElo "2395"]
[BlackElo "2192"]
[WhiteFideId "24103608"]
[BlackFideId "1122274"]
[EventDate "2017.07.21"]

1. d4 Nf6 2. Nf3 e6 3. Bf4 c5 4. e3 cxd4 5. exd4 b6 6. Bd3 Bb7 7. O-O Be7 8. a4
Nc6 9. c3 O-O 10. Re1 d6 11. Nbd2 Re8 12. Nc4 Qc7 13. h3 Rad8 14. Bg3 Qb8 15.
Bf1 Qa8 16. Qb3 Rd7 17. Qa2 Nb8 18. Ne3 Rc7 19. Nd2 Bc6 20. a5 b5 21. a6 Nbd7
22. Qa5 Qb8 23. Nb3 Nd5 24. Nd2 N7f6 25. Nc2 Rcc8 26. Qa2 Nh5 27. Bh2 Bg5 28.
Ne4 Bf4 29. Bxf4 Nhxf4 30. Qb1 Red8 31. Qd1 h6 32. g3 Ng6 33. Nd2 b4 34. c4 Nf6
35. b3 Qb6 36. Qe2 Nd7 37. Qe3 Ba8 38. Ra4 Nb8 39. Nxb4 Nc6 40. Nc2 Nb8 41. Rea1
Qc6 42. f3 Qc7 43. Kf2 Ne7 44. Bd3 Nd7 45. Ra5 d5 46. c5 Nc6 47. R5a3 e5 48. b4
exd4 49. Qe2 Re8 50. Qf1 Nde5 51. Rc1 Rb8 52. Rb3 Qc8 53. b5 Na5 54. Nxd4 Nxb3
55. N2xb3 Nxd3+ 56. Qxd3 Qxh3 57. Qf1 Qh2+ 58. Qg2 Qh5 59. c6 Qe5 60. Kg1 Re7
61. Qf2 Rbe8 62. Kg2 Qc7 63. Qd2 Re3 64. Kf2 R3e5 65. Rc2 Rg5 66. Qf4 Rge5 67.
Rc1 Qb6 68. c7 Re2+ 69. Kf1 g5 70. Qf5 1-0

[Event "28th Czech Open A 2017"]
[Site "Pardubice CZE"]
[Date "2017.07.24"]
[Round "4.110"]
[White "Volodin, Viktor"]
[Black "Koscielski, Janusz"]
[Result "1/2-1/2"]
[WhiteTitle "IM"]
[BlackTitle "FM"]
[WhiteElo "2187"]
[BlackElo "2354"]
[WhiteFideId "4108701"]
[BlackFideId "4614437"]
[EventDate "2017.07.21"]

1. Nf3 Nf6 2. d4 g6 3. g3 Bg7 4. Bg2 O-O 5. O-O d6 6. h3 Nbd7 7. d5 Nc5 8. Nd4
a5 9. e4 e5 10. dxe6 fxe6 11. Be3 Kh8 12. Nc3 e5 13. Ndb5 b6 14. Qd2 Be6 15. a4
Qd7 16. Kh2 Na6 17. Rfd1 Nb4 18. b3 Rac8 19. Qe2 Qe7 20. Rab1 h5 21. Nd5 Nfxd5
22. exd5 Bf5 23. f3 Kh7 24. Qd2 Ra8 25. Re1 Na6 26. Nc3 Rf7 27. Ne4 Bxe4 28.
fxe4 Raf8 29. Rf1 Nb8 30. Rxf7 Rxf7 31. Rf1 Nd7 32. Rxf7 Qxf7 33. Kg1 Qf8 34.
Qf2 Bh6 35. Qxf8 Bxe3+ 36. Qf2 Bxf2+ 37. Kxf2 Kg7 38. Ke3 Nc5 39. Bf3 Kf6 40. h4
Ke7 41. Bg2 Kd8 42. Bh3 Na6 43. Be6 Ke7 44. g4 Nb4 45. gxh5 gxh5 46. Kd2 c6 47.
c3 Na6 48. Bf5 cxd5 49. exd5 Kf6 50. Bc2 Nc7 51. Be4 Na6 52. Ke3 Nc5 53. Bc2 Na6 1/2-1/2

[Event "28th Czech Open A 2017"]
[Site "Pardubice CZE"]
[Date "2017.07.25"]
[Round "5.1"]
[White "Laznicka, Viktor"]
[Black "Gupta, Abhijeet"]
[Result "0-1"]
[WhiteTitle "GM"]
[BlackTitle "GM"]
[WhiteElo "2669"]
[BlackElo "2625"]
[WhiteFideId "316385"]
[BlackFideId "5010608"]
[EventDate "2017.07.21"]

1. c4 Nf6 2. Nc3 e5 3. e3 Bb4 4. Nge2 O-O 5. a3 Bxc3 6. Nxc3 c6 7. d4 exd4 8.
Qxd4 d5 9. Be2 Be6 10. c5 b6 11. b4 Nbd7 12. O-O bxc5 13. bxc5 Rb8 14. a4 Ne4
15. Nxe4 dxe4 16. Qxe4 Nxc5 17. Qxc6 Nb3 18. Ba3 Bd5 19. Qd6 Nxa1 20. Qxf8+ Qxf8
21. Bxf8 Rb2 22. Bb5 Kxf8 23. Rxa1 Bb3 24. a5 Ke7 25. h4 Kd6 26. Bd3 h6 27. Rc1
Be6 28. f3 Rd2 29. Rc3 Ra2 30. a6 Ra4 31. e4 Ra2 32. Kh2 g5 33. hxg5 hxg5 34.
Bb5 Ra5 35. Rc6+ Ke5 36. Bf1 Ra1 37. Kg1 g4 38. fxg4 Kxe4 39. g5 Kf5 40. Rc5+
Ke4 41. Kf2 Ra2+ 42. Kg3 Ra3+ 43. Kh2 Ra1 44. Be2 Ra2 45. Bf3+ Kd4 46. Rc6 Ke5
47. Kg3 Ra3 48. Kh4 Ra1 49. Kg3 Ra3 50. Kf2 Ra2+ 51. Ke3 Ra3+ 52. Kd2 Ra2+ 53.
Kc3 Ra1 54. Kb2 Ra4 55. Kb1 Kd4 56. Kb2 Ra2+ 57. Kc1 Bc4 58. Kd1 Bxa6 59. g6
fxg6 60. Rxg6 Bc4 61. Ke1 a5 62. Rg4+ Kc3 63. Bd1 Ra1 64. Rg3+ Bd3 65. Rg8 a4
66. Ra8 a3 67. Kf2 Bc4 68. g4 a2 69. Be2 Bd5 0-1

[Event "28th Czech Open A 2017"]
[Site "Pardubice CZE"]
[Date "2017.07.25"]
[Round "5.2"]
[White "Stocek, Jiri"]
[Black "Nguyen, Thai Dai Van"]
[Result "1-0"]
[WhiteTitle "GM"]
[BlackTitle "IM"]
[WhiteElo "2590"]
[BlackElo "2473"]
[WhiteFideId "304760"]
[BlackFideId "358878"]
[EventDate "2017.07.21"]

1. c4 e6 2. g3 Nf6 3. Bg2 d5 4. Nf3 dxc4 5. Qa4+ c6 6. Qxc4 b5 7. Qc2 Bb7 8. Nc3
a6 9. a4 Nbd7 10. O-O Be7 11. d3 O-O 12. e4 Qb6 13. Be3 c5 14. h3 Rfd8 15. Rfc1
Rdc8 16. Qe2 Bc6 17. axb5 axb5 18. Rxa8 Rxa8 19. b4 Qa6 20. e5 Ne8 21. bxc5 Nxc5
22. d4 Ne4 23. Nxe4 Bxe4 24. Nd2 Bxg2 25. Kxg2 Rb8 26. Nb3 Qb7+ 27. Qf3 Qxf3+
28. Kxf3 Kf8 29. Bd2 f6 30. Rc6 fxe5 31. dxe5 Kf7 32. Ke4 Rb7 33. Ba5 b4 34. Kd3
Rb5 35. f4 Rd5+ 36. Kc4 g5 37. Bxb4 Bxb4 38. Kxb4 gxf4 39. gxf4 Ng7 40. Rd6 Nh5
41. Rxd5 exd5 42. f5 Ng3 43. Kc5 Nxf5 44. Kxd5 Ne7+ 45. Ke4 Kg6 46. Nd4 Kg5 47.
Ne6+ Kg6 48. Nf4+ Kf7 49. h4 h5 50. Ng2 Ng6 51. Kd5 Ne7+ 52. Kd6 Ng6 53. e6+ Ke8
54. Kc5 Kd8 55. Kd4 Kc7 56. Kd5 Kd8 57. Ke4 Kc7 58. Kf5 Ne7+ 59. Kf6 Nd5+ 60.
Kf7 Kd6 61. Nf4 Ne7 62. Nxh5 Nf5 63. Ng7 Nh6+ 64. Kf8 1-0

[Event "28th Czech Open A 2017"]
[Site "Pardubice CZE"]
[Date "2017.07.25"]
[Round "5.3"]
[White "Gopal, G.N."]
[Black "Nihal, Sarin"]
[Result "1-0"]
[WhiteTitle "GM"]
[BlackTitle "FM"]
[WhiteElo "2580"]
[BlackElo "2471"]
[WhiteFideId "5015693"]
[BlackFideId "25092340"]
[EventDate "2017.07.21"]

1. e4 e6 2. d4 d5 3. Nd2 c5 4. Ngf3 cxd4 5. Nxd4 Nc6 6. Bb5 Bd7 7. Nxc6 bxc6 8.
Bd3 Qc7 9. Qe2 Ne7 10. Nf3 Ng6 11. O-O Bd6 12. Re1 Nf4 13. Bxf4 Bxf4 14. e5 O-O
15. g3 Bh6 16. h4 c5 17. b3 Qd8 18. Nh2 g6 19. Ng4 Bg7 20. Qf3 f5 21. exf6 Bxf6
22. Nxf6+ Rxf6 23. Qe3 Qb6 24. f4 Raf8 25. Rf1 Qb4 26. Rae1 d4 27. Qf2 Bc6 28.
Re5 Bd5 29. Qe2 Qb7 30. Re1 Kh8 31. Be4 R8f7 32. Qd3 Kg7 33. a3 a5 34. h5 Qc6
35. a4 Rd7 36. Kf2 Qd6 37. Bxd5 exd5 38. Kg2 Rb7 39. hxg6 hxg6 40. Qf3 Rd7 41.
Qg4 Rdf7 42. Qh4 Rf5 43. Rh1 Qf8 44. g4 1-0

[Event "28th Czech Open A 2017"]
[Site "Pardubice CZE"]
[Date "2017.07.25"]
[Round "5.4"]
[White "Vogel, Roven"]
[Black "Ladva, Ottomar"]
[Result "1/2-1/2"]
[WhiteTitle "IM"]
[BlackTitle "GM"]
[WhiteElo "2475"]
[BlackElo "2531"]
[WhiteFideId "12908088"]
[BlackFideId "4500024"]
[EventDate "2017.07.21"]

1. d4 Nf6 2. c4 e6 3. Nc3 Bb4 4. Qc2 O-O 5. e4 d5 6. e5 Ne4 7. Bd3 c5 8. a3
Bxc3+ 9. bxc3 Qa5 10. Ne2 cxd4 11. cxd5 exd5 12. f3 Nxc3 13. Nxd4 Nb5+ 14. Bd2
Nxd4 15. Bxh7+ Kh8 16. Bxa5 Nxc2+ 17. Bxc2 Nc6 18. Bc3 d4 19. Bb2 Rd8 20. O-O-O
Be6 21. Rhe1 Rac8 22. Kb1 b5 23. Be4 b4 24. axb4 Nxb4 25. Bxd4 a5 26. Bb6 Rxd1+
27. Rxd1 Nc6 28. Rc1 Nxe5 29. Rxc8+ Bxc8 30. Bxa5 Nc4 31. Be1 Ne3 32. g3 Bh3 33.
Kc1 Nf1 34. Kd1 Nxh2 35. Bd2 Bg2 36. Ke2 Ng4 37. Bb1 Nh2 38. Be4 Ng4 39. Bb1 Nh2
40. Be4 Ng4 41. Bb1 1/2-1/2